Evaluación del impacto en la productividad y el costo de procedimientos propuestos por la Escuela de Mampostería Lanamme-UCR y del uso de morteros industrializados
Tallennettuna:
| Päätekijä: | |
|---|---|
| Muut tekijät: | |
| Aineistotyyppi: | Kirja |
| Kieli: | Spanish |
| Julkaistu: |
[San José], Costa Rica
2022
|
| Aiheet: | |
| Tagit: |
Lisää tagi
Ei tageja, Lisää ensimmäinen tagi!
|
MARC
| LEADER | 00000nam a2200000Ia 4500 | ||
|---|---|---|---|
| 003 | 013552 | ||
| 005 | 20230412152457.0 | ||
| 008 | 140114s2022 cr a 000 ||spa d | ||
| 040 | |c cru CEDI | ||
| 100 | |a Acuña Fernández, José Sebastián,1955- |9 377 | ||
| 245 | |a Evaluación del impacto en la productividad y el costo de procedimientos propuestos por la Escuela de Mampostería Lanamme-UCR y del uso de morteros industrializados | ||
| 260 | |a [San José], Costa Rica |c 2022 | ||
| 500 | |a Proyecto de graduación (licenciatura en ingeniería civil)--Universidad de Costa Rica. Facultad de Ingeniería. Escuela de Ingeniería Civil | ||
| 501 | |a Director de Proyecto de Graduación: Ing. Robert Anglin Fonseca, MSc | ||
| 650 | |x MAMPOSTERIA - COSTOS - COSTA RICA |x COSTOS DE PRODUCCION |x ARGAMASA |x MAMPOSTERIA DE HORMIGON - PRUEBAS | ||
| 700 | |9 89 |a Anglin Fonseca, Robert Anthony, 1967- |d Director del TFG | ||
| 942 | |c CEDI |h TFG 8703 |6 TFG_8703_000000000000000 | ||
| 999 | |c 22055 |d 22055 | ||
